Собрание наилучших российских песен: Ноты. Часть 4: Собрание наилучших российских песен (Запись № 13554226)
[ простой вид ]
| 000 -МАРКЕР | |
|---|---|
| контрольное поле | 04391ncm2a2200385 4500 |
| 001 - ИДЕНТИФИКАТОР ЗАПИСИ | |
| контрольное поле | RU\NLR\ONIZ\309206 |
| 005 - ИДЕНТИФИКАТОР ВЕРСИИ | |
| контрольное поле | 20260215052650.0 |
| 035 ## - ДРУГИЕ СИСТЕМНЫЕ НОМЕРА | |
| Идентификатор записи | (NLR Aleph) 022725917 |
| 100 ## - ДАННЫЕ ОБЩЕЙ ОБРАБОТКИ | |
| Данные общей обработки | 20260204d1781 u y0rusy50 ca |
| 101 0# - ЯЗЫК РЕСУРСА | |
| Язык текста, звукозаписи и т.д. | русский |
| Язык главного источника информации | русский |
| 125 ## - ПОЛЕ КОДИРОВАННЫХ ДАННЫХ: ЗВУКОЗАПИСИ И НОТНЫЕ ИЗДАНИЯ | |
| Форма изложения нотного текста | || |
| Определитель литературного текста | || |
| 200 1# - ЗАГЛАВИЕ И СВЕДЕНИЯ ОБ ОТВЕТСТВЕННОСТИ | |
| Основное заглавие | Собрание наилучших российских песен |
| Общее обозначение материала | Ноты |
| Сведения, относящиеся к заглавию | содержащая в себе 6 песен |
| 203 ## - ВИД СОДЕРЖАНИЯ И ТИП СРЕДСТВА | |
| Вид содержания | Музыка |
| Дополнительные сведения об издании | |
| -- | |
| Тип средства | непосредственная |
| 210 ## - ПУБЛИКАЦИЯ, РАСПРОСТРАНЕНИЕ И ДР. | |
| Дата издания, распространения и т.д. | 1781 |
| 215 ## - ФИЗИЧЕСКАЯ ХАРАКТЕРИСТИКА | |
| Специфическое обозначение материала и объем | 12 с. |
| 313 ## - ПРИМЕЧАНИЯ, ОТНОСЯЩИЕСЯ К ТЕМАТИЧЕСКОМУ ДОСТУПУ | |
| Текст примечания | Систематизация документа проведена по изданию - Методика классифицирования музыкальных произведений (нотных изданий) по таблицам Библиотечно-библиографических классификаций : метод. рекомендации / Гос. б-ка СССР им. В.И. Ленина.- М., 1977. Индексу ББК методических рекомендаций присваивается код ББК для научных библиотек - LBC/SL |
| 316 ## - ПРИМЕЧАНИЯ ОБ ОСОБЕННОСТЯХ ЭКЗЕМПЛЯРА | |
| Связь между полями | b01852 |
| Текст примечания | Экз. М 980-2/С.550 (№ 156547). Припл. к: Собрание наилучших российских песен. В Санктпетербурге, 1781 |
| Организация и экземпляр, к которому относится поле | NLR |
| 327 1# - ПРИМЕЧАНИЯ О СОДЕРЖАНИИ | |
| Текст примечания | [1]. "Под тению древесной..." / [текст М. В. Попова]. |
| -- | [2]. "Куда свой взор ни обращаю..." ; |
| -- | [3]. "Пастушки в вечер на лугу...". |
| -- | [4]. "Как сердце ни скрывает..." / [текст М. В. Попова ]. |
| -- | [5]. "Хоть давно уж я страдаю...". |
| -- | [6]. "Можно ль мне в злобной толь части не рваться?..." / [текст М. В. Попова] |
| 461 #0 - УРОВЕНЬ НАБОРА | |
| Встроенное поле | 001RU\NLR\ONIZ\309194 |
| -- | 2001#$aСобрание наилучших российских песен$bНоты$e[для фп. с надпис. текстом]$vЧасть 4 |
| Системный номер (АБИС) связанной записи | 13554222 |
| Место публикации | В Санктпетербурге |
| Дата публикации | 1781 |
| Имя издателя, распространителя и т.д. | изданныя иждевением книгопродавца Ф. Мейера |
| Сведения, относящиеся к заглавию | [для фп. с надпис. текстом] |
| Заглавие | Собрание наилучших российских песен: Ноты |
| Номер тома | Часть 4 |
| 464 #0 - АНАЛИТИЧЕСКИЙ УРОВЕНЬ | |
| Встроенное поле | 2001#$a"Под тению древесной..."$bНоты$f[текст М. В. Попова] |
| -- | 215##$aС.1-2. |
| -- | 702#1$9z01790$aПопов$bМ. В.$gМихаил В.$cавтор текстов$f17-- -ок.1790$4520$7ca |
| -- | 790#1$9z01702$aPopov$bM. V.$gMichail V.$f17-- -ок.1790$4520$7ba |
| Заглавие | "Под тению древесной..." |
| 464 #0 - АНАЛИТИЧЕСКИЙ УРОВЕНЬ | |
| Встроенное поле | 2001#$a"Куда свой взор ни обращаю..."$bНоты |
| -- | 215##$aС.3-4. |
| Заглавие | "Куда свой взор ни обращаю..." |
| 464 #0 - АНАЛИТИЧЕСКИЙ УРОВЕНЬ | |
| Встроенное поле | 2001#$a"Пастушки в вечер на лугу..."$bНоты |
| -- | 215##$aС.5-6. |
| Заглавие | "Пастушки в вечер на лугу..." |
| 464 #0 - АНАЛИТИЧЕСКИЙ УРОВЕНЬ | |
| Встроенное поле | 2001#$a"Как сердце ни скрывает..."$bНоты$f[текст М. В. Попова ] |
| -- | 215##$aС.7-8. |
| -- | 702#1$9z01790$aПопов$bМ. В.$gМихаил В.$cавтор текстов$f17-- -ок.1790$4520$7ca |
| -- | 790#1$9z01702$aPopov$bM. V.$gMichail V.$f17-- -ок.1790$4520$7ba |
| Заглавие | "Как сердце ни скрывает..." |
| 464 #0 - АНАЛИТИЧЕСКИЙ УРОВЕНЬ | |
| Встроенное поле | 2001#$a"Хоть давно уж я страдаю..."$bНоты |
| -- | 215##$aС.9-10. |
| Заглавие | "Хоть давно уж я страдаю..." |
| 464 #0 - АНАЛИТИЧЕСКИЙ УРОВЕНЬ | |
| Встроенное поле | 2001#$a"Можно ль мне в злобной толь части не рваться?..."$bНоты$f[текст М. В. Попова] |
| -- | 215##$aС.11-12. |
| -- | 702#1$9z01790$aПопов$bМ. В.$gМихаил В.$cавтор текстов$f17-- -ок.1790$4520$7ca |
| -- | 790#1$9z01702$aPopov$bM. V.$gMichail V.$f17-- -ок.1790$4520$7ba |
| Заглавие | "Можно ль мне в злобной толь части не рваться?..." |
| 482 #0 - ПРИПЛЕТЕНО К | |
| -- | b01852 |
| Встроенное поле | 001RU\NLR\ONIZ\309197 |
| -- | 852##$aNLR$bМ$j980-2/С.550$p156544$t1 |
| Системный номер (АБИС) связанной записи | 13554223 |
| Дата публикации | 1781 |
| Сведения, относящиеся к заглавию | содержащая в себе 6 песен |
| Физическая характеристика | 11 с. |
| Заглавие | Собрание наилучших российских песен: Ноты |
| 801 #0 - ИСТОЧНИК ЗАПИСИ | |
| Страна | Российская Федерация |
| Организация | NLR |
| Дата составления | 20260204 |
| Правила каталогизации | PSBO |
| 801 #1 - ИСТОЧНИК ЗАПИСИ | |
| Страна | Российская Федерация |
| Организация | NLR |
| Дата составления | 20260204 |
| Источник данных | rusmarc |
| 801 #2 - ИСТОЧНИК ЗАПИСИ | |
| Страна | Российская Федерация |
| Организация | NLR |
| Дата составления | 20260211 |
| 852 ## - МЕСТОНАХОЖДЕНИЕ И ШИФР ХРАНЕНИЯ | |
| -- | b01482 |
| -- | b01316 |
| Идентификатор организации | NLR |
| Префикс шифра хранения | М |
| Шифр хранения (Call Number) | 980-2/С.550 |
| Идентификатор единицы | 156547 |
| Номер экземпляра | 1 |
| 942 ## - ДОПОЛНИТЕЛЬНЫЕ ЭЛЕМЕНТЫ ЗАПИСИ (АБИС) | |
| Тип экземпляра АБИС | Ноты |
| 980 ## - КОЛЛЕКЦИЯ | |
| Название коллекции | Отдел нот и звукозаписей |
| 980 ## - КОЛЛЕКЦИЯ | |
| Название коллекции | Национальная библиография |
Нет доступных экземпляров.